000 00653nam a22002177a 4500
003 SEM
005 20250326170848.0
008 250313s1401 Ir ||||gr||||||01|||Ir |d
040 _aSEM
_cSEM
041 _aIranian
080 _a92:955/S-44
100 _aمحسن سیفی کار
_q(Seifikar, Mohsen)
245 _aکیسه های پر از قیر /
_cمحسن سیفی کار
246 _aBags full of bitumen /
260 _aتهران :
_a[Tehran] :
_bS. n.,
_c1401.
300 _a433 p ;
_c21 cm
650 _aPersia
_xHistory
_xAutobiography
653 _aՍԷՄ
700 _aمژگان ,علیزاده
_e(Mojgan, Alizadeh)
942 _2udc
_cBK
999 _c75993
_d75993